El nuevo derecho internacional de los contratos (Registro nro. 132323)
[ vista simple ]
| 000 -CABECERA | |
|---|---|
| campo de control de longitud fija | 00717nam a2200253Ia 4500 |
| 001 - NÚMERO DE CONTROL | |
| campo de control | 132323 |
| 003 - IDENTIFICADOR DEL NÚMERO DE CONTROL | |
| campo de control | 224004 |
| 005 - FECHA Y HORA DE LA ÚLTIMA TRANSACCIÓN | |
| campo de control | 20250129093553.0 |
| 008 - DATOS DE LONGITUD FIJA--INFORMACIÓN GENERAL | |
| campo de control de longitud fija | ||||||n9999 ||| || || |
| 082 ## - NÚMERO DE LA CLASIFICACIÓN DECIMAL DEWEY | |
| Número de clasificación | 341753 |
| 100 ## - ENTRADA PRINCIPAL--NOMBRE DE PERSONA | |
| Nombre de persona | Parra Rodríguez, Carmen |
| 9 (RLIN) | 160379 |
| 245 #0 - MENCIÓN DE TÍTULO | |
| Título | El nuevo derecho internacional de los contratos |
| Mención de responsabilidad, etc. | Carmen Parra Rodríguez ; prólogo Alegría Borrás Rodríguez |
| 250 ## - MENCIÓN DE EDICIÓN | |
| Mención de edición | Primera edición |
| 504 ## - NOTA DE BIBLIOGRAFÍA, ETC. | |
| Nota de bibliografía, etc. | Incluye bibliografía |
| 562 ## - NOTA DE IDENTIFICACIÓN DE LA COPIA Y VERSIÓN | |
| Número de copias | 3 |
| 526 ## - NOTA DE INFORMACIÓN SOBRE EL PROGRAMA DE ESTUDIO | |
| Nombre del programa | 105630 - MAESTRÍA EN DERECHOS HUMANOS, GESTIÓN DE LA TRANSICIÓN Y POSCONFLICTO - A distancia |
| 526 ## - NOTA DE INFORMACIÓN SOBRE EL PROGRAMA DE ESTUDIO | |
| Nombre del programa | 1698 - ESPECIALIZACIÓN EN DERECHOS HUMANOS - A distancia |
| 526 ## - NOTA DE INFORMACIÓN SOBRE EL PROGRAMA DE ESTUDIO | |
| Nombre del programa | 51868 - ADMINISTRACIÓN PÚBLICA - Presencial |
| 526 ## - NOTA DE INFORMACIÓN SOBRE EL PROGRAMA DE ESTUDIO | |
| Nombre del programa | 1697 - ADMINISTRACIÓN PÚBLICA TERRITORIAL - A distancia |
| 650 ## - PUNTO DE ACCESO ADICIONAL DE MATERIA--TÉRMINO DE MATERIA | |
| Término de materia o nombre geográfico como elemento de entrada | CONTRATOS (DERECHO INTERNACIONAL) |
| 9 (RLIN) | 160380 |
| 650 #0 - PUNTO DE ACCESO ADICIONAL DE MATERIA--TÉRMINO DE MATERIA | |
| Término de materia o nombre geográfico como elemento de entrada | Derecho comercial |
| 9 (RLIN) | 10745 |
| 650 #0 - PUNTO DE ACCESO ADICIONAL DE MATERIA--TÉRMINO DE MATERIA | |
| Término de materia o nombre geográfico como elemento de entrada | Derecho internacional |
| 9 (RLIN) | 3831 |
| 942 ## - ELEMENTOS DE PUNTO DE ACCESO ADICIONAL (KOHA) | |
| Tipo de ítem Koha | Libro |
| Estado de retiro | Estado de pérdida | Estado dañado | No para préstamo | Código de colección | Localización permanente | Ubicación/localización actual | Coste, precio normal de compra | Total de préstamos | Signatura topográfica completa | Código de barras | Fecha visto por última vez | Número de copia | Tipo de ítem Koha |
|---|---|---|---|---|---|---|---|---|---|---|---|---|---|
| General | Bogotá - Sede Central | Bogotá - Sede Central | 47450.00 | 341.753 P17n | 123922 | 22/02/2026 | 1 | Libro | |||||
| General | Bogotá - Sede Central | Bogotá - Sede Central | 50700.00 | 341.753 P17n e2 | 135982 | 22/02/2026 | 2 | Libro | |||||
| General | Bogotá - Sede Central | Bogotá - Sede Central | 50700.00 | 341.753 P17n e3 | 135983 | 22/02/2026 | 3 | Libro |

